Setting the direction for EU environmental policy (Record no. 68163)
[ view plain ]
| 000 -LEADER | |
|---|---|
| fixed length control field | 01113cam a2200241 4500 |
| 001 - CONTROL NUMBER | |
| control field | ABS64373 |
| 008 - FIXED-LENGTH DATA ELEMENTS--GENERAL INFORMATION | |
| fixed length control field | 010905n2001 000 0 eng u |
| 035 ## - SYSTEM CONTROL NUMBER | |
| System control number | (Sirsi) u114438 |
| 100 ## - MAIN ENTRY--PERSONAL NAME | |
| Personal name | Colwell, A |
| 245 ## - TITLE STATEMENT | |
| Title | Setting the direction for EU environmental policy |
| 260 ## - PUBLICATION, DISTRIBUTION, ETC. | |
| Date of publication, distribution, etc. | 2001 |
| 490 ## - SERIES STATEMENT | |
| Series statement | Town & Country Planning |
| Volume/sequential designation | 70(7&8) July/August 2001, 220-221(2) |
| 520 ## - SUMMARY, ETC. | |
| Summary, etc. | Studies the EU's Sixth Environmental Action Plan (6EAP), which will form the basis of EU environmental policy and the mainstay of its sustainable development strategy. 6EAP will focus on four main areas - climate change, biodiversity, health and environment and sustainable resource use and waste management. Looks at 6EAP's objectives and aims and how these will be achieved. 6EAP closes gaps from previous environmental action programmes. |
| 590 ## - LOCAL NOTE (RLIN) | |
| Local note | ABS |
| 650 ## - SUBJECT ADDED ENTRY--TOPICAL TERM | |
| Topical term or geographic name entry element | EUROPEAN POLICY |
| 650 ## - SUBJECT ADDED ENTRY--TOPICAL TERM | |
| Topical term or geographic name entry element | ENVIRONMENTAL POLICY |
| 650 ## - SUBJECT ADDED ENTRY--TOPICAL TERM | |
| Topical term or geographic name entry element | ENVIRONMENTAL ACTION PROGRAMMES |
| 650 ## - SUBJECT ADDED ENTRY--TOPICAL TERM | |
| Topical term or geographic name entry element | EUROPEAN UNION |
| 650 ## - SUBJECT ADDED ENTRY--TOPICAL TERM | |
| Topical term or geographic name entry element | SUSTAINABLE DEVELOPMENT |
| 650 ## - SUBJECT ADDED ENTRY--TOPICAL TERM | |
| Topical term or geographic name entry element | CLIMATE CHANGE |
| 690 ## - LOCAL SUBJECT ADDED ENTRY--TOPICAL TERM (OCLC, RLIN) | |
| Topical term or geographic name as entry element | ENVIRONMENT-ENVIRONMENTAL LAW |
| 942 ## - ADDED ENTRY ELEMENTS (KOHA) | |
| Suppress in OPAC | 0 |
| Withdrawn status | Lost status | Source of classification or shelving scheme | Damaged status | Not for loan | Home library | Current library | Shelving location | Date acquired | Total Checkouts | Barcode | Date last seen | Copy number | Price effective from | Koha item type |
|---|---|---|---|---|---|---|---|---|---|---|---|---|---|---|
| Dewey Decimal Classification | London | London | Journal article | 05/09/2001 | 114438-1001 | 06/08/2019 | 1 | 06/08/2019 | Journal article |